مكتبة جامعة عجلون الوطنية

فهرس بحث المكتبة

Normal view MARC view
  • النظام السياسي في الاسلام- ابن ابي الربيع218-272هـ- اراء حول النظام السياسي في الاسلام

Entry Topical Term

Number of records used in: 1

001 - CONTROL NUMBER

  • control field: 15815

003 - CONTROL NUMBER IDENTIFIER

  • control field: JO-AjAnu

005 - DATE AND TIME OF LATEST TRANSACTION

  • control field: 20230606072825.0

008 - FIXED-LENGTH DATA ELEMENTS

  • fixed length control field: 230606|| aca||aabn | a|a d

040 ## - CATALOGING SOURCE

  • Original cataloging agency: JO-AjAnu
  • Transcribing agency: JO-AjAnu

150 ## - HEADING--TOPICAL TERM

  • Topical term or geographic name entry element: النظام السياسي في الاسلام- ابن ابي الربيع218-272هـ- اراء حول النظام السياسي في الاسلام

670 ## - SOURCE DATA FOUND

  • Source citation: Work cat.: (JO-AjAnu)8121: التكريتي، ناجي, author 15814, الفلسفة السياسية عند ابن أبي الربيع مع تحقيق كتابه سلوك المالك في تدبير الممالك